000
00228nam a2200085Ia 4500
008
220204s9999 xx 000 0 und d
082
_a
339.564:339.562
_b
EXP
245
0
_a
Export and import policy for the period 1992-97
942
_c
BK
999
_c
43792
_d
43792